000 00493cam a2200145 4500500
005 20251012014615.0
041 _afre
042 _adc
100 1 0 _aPeiro, Mickael
_eauthor
245 0 0 _aMeeting of minds: A book review, A commentary
260 _c2025.
500 _a83
786 0 _nResponsible Organization Review | 20 | 1 | 2025-03-01 | p. 23-32 | 1951-0187
856 4 1 _uhttps://shs.cairn.info/journal-responsible-organization-review-2025-1-page-23?lang=en&redirect-ssocas=7080
999 _c1531474
_d1531474